000 00402pam a2200145a 44500
008 230405s xxu||||| |||| 00| 0 eng d
041 _aENG
100 _aBREWSTAR R Q / MC EWAN W E
245 _aORGANIC CHEMISTRY ( BREWSTAR R Q / MC EWAN )
250 _a3 0
260 _aNEW DELHI
_bPRENTICE HALL OF INDIA NEW DELHI NEW DELHI
_c
300 _a854
650 _aPHARMACEUTICAL CHEMISTRY
906 _a28
999 _c275299
_d275299